Brasileirão Champions (Brazilian Football League) - Statistics

General Stats
  • This quiz has been taken 3,284 times
    707 since last reset
  • The average score is 26 of 70
Answer Stats
Year Club % Correct
2025 Flamengo
99%
2024 Botafogo
92%
2023 Palmeiras
91%
2022 Palmeiras
90%
2020 Flamengo
85%
2019 Flamengo
85%
2021 Atlético-MG
81%
2018 Palmeiras
81%
2017 Corinthians
78%
2016 Palmeiras
75%
2015 Corinthians
74%
2014 Cruzeiro
70%
2013 Cruzeiro
67%
2012 Fluminense
64%
2011 Corinthians
61%
2009 Flamengo
60%
2008 São Paulo
60%
2007 São Paulo
59%
2006 São Paulo
59%
2010 Fluminense
57%
2005 Corinthians
52%
2004 Santos
49%
2003 Cruzeiro
45%
2002 Santos
45%
2000 Vasco da Gama
41%
2001 Athletico-PR
36%
1999 Corinthians
36%
1998 Corinthians
30%
1987 Sport Recife
29%
1996 Grêmio
28%
1995 Botafogo
27%
1997 Vasco da Gama
27%
1937 Atlético-MG
26%
1994 Palmeiras
25%
1961 Santos
25%
1963 Santos
24%
1962 Santos
24%
1992 Flamengo
23%
1965 Santos
23%
1964 Santos
23%
1959 Bahia
22%
1990 Corinthians
22%
1967* Palmeiras
22%
1967** Palmeiras
22%
1993 Palmeiras
21%
1991 São Paulo
21%
1980 Flamengo
19%
1982 Flamengo
18%
1960 Palmeiras
18%
1983 Flamengo
17%
1979 Internacional
17%
1968** Santos
17%
1988 Bahia
16%
1985 Coritiba
15%
1986 São Paulo
15%
1989 Vasco da Gama
15%
1971 Atlético-MG
14%
1981 Grêmio
13%
1977 São Paulo
13%
1968* Botafogo
12%
1984 Fluminense
12%
1978 Guarani
12%
1976 Internacional
12%
1975 Internacional
12%
1969 Palmeiras
12%
1966 Cruzeiro
11%
1973 Palmeiras
11%
1972 Palmeiras
10%
1970 Fluminense
9%
1974 Vasco da Gama
9%
No matching quizzes found
Score Distribution
Percent of People with Each Score
Percentile by Number Answered
Your Score History
You have not taken this quiz since the last reset